History Quiz

Random History or Europe Quiz

European Heirs Quiz Stats

Quiz not verified by Sporcle

Challenge
Share
Tweet
Embed
Score 0/117 Timer 10:00
0 Plays Today
Monarch Name % Correct
Grand Duke Henri of LuxembourgHereditary Grand Duke Guillaume
98.3%
Queen Elizabeth II of United KingdomPrince William, Duke of Cambridge
97.7%
King Carl XVI Gustaf of SwedenPrince Gabriel, Duke of Dalarna
97.3%
Queen Elizabeth II of United KingdomPrince Charles, Princes of Wales
96.6%
Queen Elizabeth II of United KingdomPrince Henry of Wales
96%
King Carl XVI Gustaf of SwedenPrince Alexander, Duke of Södermanland
95.1%
Queen Elizabeth II of United KingdomPrince George of Cambridge
94.9%
Prince Albert II of MonacoCharlotte Casiraghi
93.2%
Queen Elizabeth II of United KingdomPrincess Charlotte of Cambridge
93.2%
Queen Elizabeth II of United KingdomPrincess Anne, Princess Royal
92%
Queen Elizabeth II of United KingdomPrince Andrew, Duke of York
91.5%
Queen Elizabeth II of United KingdomPrincess Beatrice of York
89.2%
Queen Elizabeth II of United KingdomPrince Edward, Earl of Wessex
88.6%
King Carl XVI Gustaf of SwedenPrince Oscar, Duke of Skåne
86.7%
Prince Albert II of MonacoLouis Durcruet
85.8%
King Philippe of Belgium Princess Elisabeth, Duchess of Brabant
84.1%
King Philippe of Belgium Princess Louise
84.1%
King Carl XVI Gustaf of SwedenPrince Carl Philip,Duke of Värmland
84.1%
Queen Elizabeth II of United KingdomPrincess Eugenie of York
84.1%
Queen Elizabeth II of United KingdomLady Louise Mountbatten-Windsor
84.1%
Queen Elizabeth II of United KingdomZara Philips
84.1%
King Felipe VI of SpainVictoria de Marichalar y Borbón
83%
King Carl XVI Gustaf of SwedenCrown Princess Victoria, Duchess of Västergötland
83%
Queen Elizabeth II of United KingdomJames Mountbatten-Windsor, Viscount Severn
82.4%
Prince Albert II of MonacoAlexandre Casiraghi
81.3%
Prince Hans-Adam II of Liechtenstein Prince Alexander
79.5%
Queen Elizabeth II of United KingdomPeter Philips
79.5%
King Philippe of Belgium Archduchess Anna Astrid of Austria-Este
77.3%
Prince Albert II of MonacoCaroline, Princess of Hanover
77.3%
Prince Albert II of MonacoStefano Casiraghi
77.2%
Queen Elizabeth II of United KingdomMia Tindall
76.7%
Queen Margrethe II of DenmarkPrincess Isabella
75.6%
Queen Elizabeth II of United KingdomIsla Philips
75.6%
Queen Margrethe II of DenmarkPrince Christian
75%
King Felipe VI of SpainPrincess Leonor, Princess of Asturias
75%
Queen Elizabeth II of United KingdomSavannah Philips
75%
King Carl XVI Gustaf of SwedenPrince Nicolas, Duke of Ångermanland
74.5%
King Philippe of Belgium Prince Gabriel
73.9%
Grand Duke Henri of LuxembourgPrincess Alexandra
73.9%
Monarch Name % Correct
Prince Albert II of MonacoPrincess Alexandra of Hanover
73.9%
King Harald V of NorwayCrown Prince Haakon
73.9%
King Felipe VI of SpainInfanta Sofía
73.3%
King Felipe VI of SpainFelipe de Marichalar y Borbón
73.3%
Queen Margrethe II of DenmarkPrincess Josephine
72.2%
Queen Margrethe II of DenmarkPrincess Elisabeth
72.2%
King Carl XVI Gustaf of SwedenPrincess Estelle, Duchess of Östergötland
72.2%
Queen Margrethe II of DenmarkCrown Prince Frederik
71.6%
King Carl XVI Gustaf of SwedenPrinces Madeleine, Duchuess of Hälsingland and Gästrikland
71.6%
Prince Albert II of MonacoPrincess Stéphanie
70.5%
King Philippe of Belgium Princess Maria Laura, Archduchess of Austria-Este
69.9%
King Willem-Alexander of NetherlandsCountess Leonore of Orange-Nassau
69.3%
King Carl XVI Gustaf of SwedenPrincess Leonore, Duchess of Gotland
69.3%
Prince Albert II of MonacoPrincess Gabriella, Countess of Carladès
68.8%
Prince Albert II of MonacoHereditary Prince Jacques
68.2%
King Willem-Alexander of NetherlandsPrincess Catharina-Amalia
68.2%
Queen Margrethe II of DenmarkPrince Vincent
67%
Prince Albert II of MonacoAndrea Casiraghi
66.5%
King Harald V of NorwayPrincess Ingrid Alexandra
66.5%
King Harald V of NorwayMaud Behn
66.5%
Queen Margrethe II of DenmarkPrince Henrik
65.9%
King Harald V of NorwayEmma Behn
65.9%
Prince Hans-Adam II of Liechtenstein Prince Josef Wenzel
64.8%
King Felipe VI of SpainInfanta Elena, Duchess of Lugo
64.8%
King Philippe of Belgium Princess Astrid, Archduches of Austria-Este
64.2%
Prince Hans-Adam II of Liechtenstein Prince Georg Antonius
64.2%
Grand Duke Henri of LuxembourgPrincess Amalia of Nassau
64.2%
King Willem-Alexander of NetherlandsPrincess Ariane
64.2%
King Willem-Alexander of NetherlandsPrincess Margriet
64.2%
Prince Albert II of MonacoPierre Casiraghi
63.6%
Grand Duke Henri of LuxembourgPrince Guillaume
63.1%
Grand Duke Henri of LuxembourgPrince Liam of Nassau
62.9%
King Philippe of Belgium Princess Eléonore
62.5%
King Willem-Alexander of NetherlandsPrinces Alexia
60.8%
King Harald V of NorwayPrince Sverre Magnus
59.1%
King Felipe VI of SpainInfanta Cristina, Duchess of Palma de Mallorca
59.1%
King Philippe of Belgium Prince Emmanuel
57.4%
King Harald V of NorwayLeah Behn
57.4%
Queen Margrethe II of DenmarkPrince Felix
56.3%
Monarch Name % Correct
Grand Duke Henri of LuxembourgPrince Félix
56.3%
Grand Duke Henri of LuxembourgPrince Paul Louis of Nassau
56.3%
Prince Albert II of MonacoIndia Casiraghi
56.3%
Prince Hans-Adam II of Liechtenstein Prince Philipp
55.1%
King Harald V of NorwayPrincess Märtha Louise
54.5%
King Philippe of Belgium Prince Joachim, Archduke of Austria-Este
54%
Queen Margrethe II of DenmarkPrince Joachim
54%
King Willem-Alexander of NetherlandsCountess Eloise of Orange-Nassau
54%
Queen Margrethe II of DenmarkPrince Nikolai
51.7%
Queen Margrethe II of DenmarkPrincess Athena
51.7%
Prince Albert II of MonacoPauline Durcruet
48.9%
Prince Hans-Adam II of Liechtenstein Hereditary Prince Alois
47.7%
Prince Hans-Adam II of Liechtenstein Prince Josef-Emanuel
46.6%
Queen Margrethe II of DenmarkPrincess Benedikte
46%
King Willem-Alexander of NetherlandsPrince Constantijn
46%
King Philippe of Belgium Prince Nicolas
45.5%
King Felipe VI of SpainJuan Urdangarín y de Borbón
44.3%
King Philippe of Belgium Princes Luisa Maria, Archduchess of Austria-Este
42%
Prince Hans-Adam II of Liechtenstein Prince Maximilian
42%
Grand Duke Henri of LuxembourgPrince Sébastien
39.2%
King Felipe VI of SpainPablo Urdangarín y de Borbón
39.2%
King Felipe VI of SpainMiguel Urdangarín y de Borbón
38.1%
King Willem-Alexander of NetherlandsCount Claus-Casimir of Orange-Nassau
37.5%
King Felipe VI of SpainIrene Urdangarín y de Borbón
37.5%
King Philippe of Belgium Princess Laetitia Maria, Archduchess of Austria-Este
36.9%
Prince Hans-Adam II of Liechtenstein Prince Benedikt
36.9%
King Philippe of Belgium Prince Amedeo, Archduke of Austria-Este
36.4%
Prince Hans-Adam II of Liechtenstein Prince Nikolaus
33%
Prince Hans-Adam II of Liechtenstein Prince Nikolaus
33%
King Philippe of Belgium Prince Laurent
28.4%
Grand Duke Henri of LuxembourgPrince Léopold of Nassau
28.4%
King Philippe of Belgium Prince Aymeric
27.3%
Grand Duke Henri of LuxembourgPrince Jean André of Nassau
22.7%
Prince Hans-Adam II of Liechtenstein Prince Alfons
14.8%
Prince Hans-Adam II of Liechtenstein Prince Rudolf
14.8%
Prince Hans-Adam II of Liechtenstein Prince Constantin
14.2%
Prince Hans-Adam II of Liechtenstein Prince Wenzeslaus
11.4%
Prince Hans-Adam II of Liechtenstein Prince Moritz
10.8%
Prince Hans-Adam II of Liechtenstein Prince Karl-Ludwig
3.8%

You're not logged in!

Compare scores with friends on all Sporcle quizzes.
Sign Up with Email
OR
Log In

You Might Also Like...

Show Comments

Extras

Top Quizzes Today


Score Distribution

Your Account Isn't Verified!

In order to create a playlist on Sporcle, you need to verify the email address you used during registration. Go to your Sporcle Settings to finish the process.

Report this User

Report this user for behavior that violates our Community Guidelines.

Details: